[Event "5. ODEM U25 2008"]
[Site "Willingen GER"]
[Date "2008.05.15"]
[Round "7"]
[White "Schäfer, Emma"]
[Black "Hager, Jason Armin"]
[Result "1/2-1/2"]
[Termination "normal"]
[Board "57"]
[WhiteElo "1348"]
[BlackElo "1013"]
[PlyCount "52"]
[WhiteFideId "24659312"]
[EventCountry "GER"]
[EventRounds "9"]
[EventType "swiss"]
[EventDate "2008.05.10"]

1. d4 f5 2. c4 Nf6 3. Nf3 d5 4. e3 Nc6 5. Nc3 e6 6. a3 b6 7. Bd2 Bd6 8. Rc1 Bb7
9. cxd5 exd5 10. Bb5 a6 11. Ba4 Qd7 12. Bc2 b5 13. Bb3 O-O-O 14. Nxd5 Rhe8 15.
Nxf6 gxf6 16. Bd5 Na7 17. Bxb7+ Kxb7 18. Qb3 f4 19. O-O fxe3 20. fxe3 Rg8 21.
Rc2 Rg7 22. Rfc1 Rdg8 23. Ba5 c6 24. g3 Bxg3 25. hxg3 Qh3 26. Kf2 Qxg3+ 1/2-1/2

[Event "5. ODEM U25 2008"]
[Site "Willingen GER"]
[Date "2008.05.15"]
[Round "7"]
[White "Briese, Annika"]
[Black "Kreyssig, Bruno"]
[Result "1-0"]
[Termination "normal"]
[Board "58"]
[WhiteElo "1289"]
[BlackElo "1034"]
[PlyCount "73"]
[BlackFideId "4692489"]
[EventCountry "GER"]
[EventRounds "9"]
[EventType "swiss"]
[EventDate "2008.05.10"]

1. e4 e5 2. Nf3 d6 3. d4 Nd7 4. Bc4 c6 5. dxe5 dxe5 6. Ng5 Nh6 7. O-O Bc5 8.
Nf3 Qf6 9. Nc3 O-O 10. Bg5 Qd6 11. Qxd6 Bxd6 12. Bxh6 gxh6 13. Rad1 Bc5 14. Rd3
b5 15. Bb3 b4 16. Ne2 Ba6 17. Rd2 Bd4 18. Nfxd4 exd4 19. Rfd1 Bxe2 20. Rxe2 c5
21. c3 Nb6 22. cxd4 cxd4 23. Rxd4 a5 24. a3 a4 25. Rxb4 axb3 26. Rxb6 Kg7 27.
Rxb3 Rfe8 28. Rbe3 Kg6 29. g4 Kg5 30. h3 Kh4 31. Kg2 Re5 32. f4 Rb5 33. e5 h5
34. Kf3 Kxh3 35. gxh5 Rab8 36. b4 Kh4 37. Rh2# 1-0

[Event "5. ODEM U25 2008"]
[Site "Willingen GER"]
[Date "2008.05.15"]
[Round "7"]
[White "Reiser, Marck"]
[Black "Usov, Andreas"]
[Result "1-0"]
[Termination "normal"]
[Board "59"]
[WhiteElo "1294"]
[BlackElo "1461"]
[PlyCount "65"]
[WhiteFideId "24684678"]
[BlackFideId "24601713"]
[EventCountry "GER"]
[EventRounds "9"]
[EventType "swiss"]
[EventDate "2008.05.10"]

1. e4 e5 2. Nf3 Nc6 3. Bc4 Be7 4. c3 d6 5. d3 f5 6. Nbd2 a6 7. O-O h6 8. d4
exd4 9. Nxd4 Ne5 10. Qh5+ g6 11. Qe2 fxe4 12. Nxe4 Nxc4 13. Qxc4 d5 14. Qe2 c5
15. Nxc5 Nf6 16. Re1 Kf7 17. Nce6 Qb6 18. Ng5+ hxg5 19. Qxe7+ Kg8 20. Bxg5 Bf5
21. Qxf6 Qc7 22. g3 Be4 23. Ne6 Qf7 24. Qxf7+ Kxf7 25. Nd4 Rh5 26. h4 Rah8 27.
f3 Bd3 28. Re7+ Kg8 29. Rae1 Rxg5 30. hxg5 Be4 31. fxe4 Rh5 32. exd5 Rxg5 33.
Rxb7 1-0

[Event "5. ODEM U25 2008"]
[Site "Willingen GER"]
[Date "2008.05.15"]
[Round "7"]
[White "Klein, Maren"]
[Black "Nake, Marianne"]
[Result "1/2-1/2"]
[Termination "normal"]
[Board "60"]
[WhiteElo "1025"]
[BlackElo "1427"]
[PlyCount "65"]
[EventCountry "GER"]
[EventRounds "9"]
[EventType "swiss"]
[EventDate "2008.05.10"]

1. e4 c5 2. Nc3 Nc6 3. g3 g6 4. Bg2 Bg7 5. d3 e6 6. Nge2 Nge7 7. O-O d6 8. f4
O-O 9. Be3 Nd4 10. Bf2 Nec6 11. Qd2 Rb8 12. Nd1 b5 13. c3 Nxe2+ 14. Qxe2 Bb7
15. Ne3 Ne7 16. Rae1 Re8 17. Nc2 Qc7 18. d4 cxd4 19. cxd4 d5 20. e5 Nf5 21. Qd2
a5 22. Ne3 Nxe3 23. Bxe3 Bf8 24. Qe2 Qb6 25. g4 Ba6 26. Qf3 Rb7 27. Qg3 Rc8 28.
f5 Rd7 29. f6 Rc2 30. Qh4 Rd8 31. Bh6 Qxd4+ 32. Kh1 Rxb2 33. Rf3 1/2-1/2

[Event "5. ODEM U25 2008"]
[Site "Willingen GER"]
[Date "2008.05.15"]
[Round "7"]
[White "Voggenreiter, Sara"]
[Black "Kilic, Ahmet"]
[Result "1-0"]
[Termination "normal"]
[Board "62"]
[WhiteElo "1594"]
[BlackElo "1171"]
[PlyCount "61"]
[WhiteFideId "24615358"]
[EventCountry "GER"]
[EventRounds "9"]
[EventType "swiss"]
[EventDate "2008.05.10"]

1. e4 Nf6 2. e5 Nd5 3. d4 Nc6 4. Bc4 Nb6 5. Bb3 d6 6. exd6 exd6 7. Be3 Qf6 8.
Nc3 Na5 9. Nge2 Nxb3 10. axb3 d5 11. O-O c6 12. Re1 Bd6 13. Na4 Bc7 14. Ng3 O-O
15. Qd2 Bd7 16. Nc5 Rab8 17. Rxa7 Bc8 18. Bg5 Qd6 19. Be7 Qg6 20. Bxf8 Kxf8 21.
Qe3 Be6 22. Nxe6+ fxe6 23. Qxe6 Qxe6 24. Rxe6 Bxg3 25. fxg3 Nd7 26. c4 Nf6 27.
Ra1 Kf7 28. Rae1 Ne4 29. Re5 Nf6 30. h3 Re8 31. Rf1 1-0

[Event "5. ODEM U25 2008"]
[Site "Willingen GER"]
[Date "2008.05.15"]
[Round "7"]
[White "Palm, Adrian"]
[Black "Neumair, Dorian"]
[Result "0-1"]
[Termination "normal"]
[Board "63"]
[WhiteElo "915"]
[BlackElo "1184"]
[PlyCount "36"]
[EventCountry "GER"]
[EventRounds "9"]
[EventType "swiss"]
[EventDate "2008.05.10"]

1. e4 e5 2. Nf3 Nc6 3. Bc4 Nf6 4. d4 exd4 5. e5 Ng8 6. Nxd4 Nxe5 7. Bf4 Nxc4 8.
Qe2+ Qe7 9. Qxe7+ Bxe7 10. Bxc7 Nxb2 11. Nc3 Nc4 12. O-O d6 13. Nd5 Be6 14.
Nxe6 fxe6 15. Nxe7 Nxe7 16. Rfd1 Nd5 17. Bxd6 Nxd6 18. Re1 Kf7 0-1

[Event "5. ODEM U25 2008"]
[Site "Willingen GER"]
[Date "2008.05.15"]
[Round "7"]
[White "Erben, Katrin"]
[Black "Bui, Ha Trang"]
[Result "0-1"]
[Termination "normal"]
[Board "65"]
[WhiteElo "946"]
[BlackElo "774"]
[PlyCount "74"]
[WhiteFideId "24692743"]
[EventCountry "GER"]
[EventRounds "9"]
[EventType "swiss"]
[EventDate "2008.05.10"]

1. e4 e5 2. Nf3 d6 3. d4 Nd7 4. d5 Ngf6 5. Bg5 h6 6. Bh4 Be7 7. Nc3 O-O 8. Bc4
c6 9. O-O Re8 10. b4 Nb6 11. Nd2 Nxc4 12. Nxc4 cxd5 13. exd5 Bg4 14. f3 Bh5 15.
Qe1 Qc7 16. Qe2 Rac8 17. g4 Bg6 18. Ne4 Nxe4 19. Bxe7 Rxe7 20. fxe4 Qxc4 21.
Qf3 Qd4+ 22. Kg2 Rxc2+ 23. Rf2 Bxe4 24. Rxc2 Bxf3+ 25. Kxf3 Qxa1 26. Rc8+ Kh7
27. Rc2 Qd1+ 28. Re2 e4+ 29. Kf2 e3+ 30. Kf3 Qf1+ 31. Kg3 Qxe2 32. a4 Qf2+ 33.
Kh3 e2 34. g5 Re3+ 35. Kg4 Qf3+ 36. Kh4 Qf4+ 37. Kh5 g6# 0-1

[Event "5. ODEM U25 2008"]
[Site "Willingen GER"]
[Date "2008.05.15"]
[Round "7"]
[White "Reksten, Anne"]
[Black "Kaphle, Christian"]
[Result "1-0"]
[Termination "normal"]
[Board "67"]
[WhiteElo "807"]
[BlackElo "715"]
[PlyCount "127"]
[WhiteFideId "24692778"]
[EventCountry "GER"]
[EventRounds "9"]
[EventType "swiss"]
[EventDate "2008.05.10"]

1. c4 e5 2. Nc3 Nf6 3. g3 Nc6 4. e3 d5 5. b3 Bc5 6. Nge2 O-O 7. Bg2 dxc4 8.
bxc4 h6 9. O-O Qd7 10. Bb2 Rd8 11. Nd5 Nxd5 12. cxd5 Ne7 13. Bxe5 Bd6 14. Bb2
Bc5 15. Qc2 Bb6 16. Qc3 f6 17. Nf4 c6 18. Nh5 cxd5 19. Nxf6+ gxf6 20. Qxf6 Nf5
21. Qh8+ Kf7 22. Qf6+ Ke8 23. Bh3 Qf7 24. Qe5+ Be6 25. Bxf5 Qxf5 26. Qg7 Qf8
27. Qe5 Qe7 28. Rfe1 Bc7 29. Qh5+ Kd7 30. Qxh6 Rf8 31. e4 Qf7 32. Bd4 Bb6 33.
Be3 d4 34. Bf4 Ba5 35. Rab1 b6 36. Rbc1 Rac8 37. Qg5 d3 38. Qb5+ Kd8 39. Qxd3+
Bd7 40. Rxc8+ Kxc8 41. Rc1+ Kd8 42. Bg5+ Ke8 43. f4 Qxa2 44. Qd6 Kf7 45. Qf6+
Kg8 46. Qe7 Rf7 47. Qd8+ Kg7 48. f5 Kh7 49. Rd1 Qa4 50. Re1 Qd4+ 51. Be3 Qf6
52. Qc7 Qg7 53. Qf4 Kg8 54. g4 Qh7 55. Bd4 Qh3 56. Re3 Qh7 57. Rg3 Bb5 58. Kg2
Rd7 59. Qb8+ Kf7 60. Rh3 Qg8 61. Qe5 Qg5 62. Rh7+ Kf8 63. Bc5+ Kg8 64. Qh8# 1-0